[Event "FRA-chT Top 16 GpB"]
[Site "Belfort"]
[Date "2025.05.22"]
[Round "1.5"]
[White "Le Roux, Jean Pierre"]
[Black "Cornette, Matthieu"]
[Result "1/2-1/2"]
[WhiteElo "2475"]
[BlackElo "2527"]
[PlyCount "52"]
[EventDate "2025.05.22"]
[EventType "team-tourn"]
[EventRounds "7"]
[EventCountry "FRA"]
[SourceTitle "CB22_2025"]
[SourceDate "2025.05.28"]
[SourceVersion "1"]
[SourceVersionDate "2025.05.28"]
[SourceQuality "1"]
[WhiteTeam "Clichy Echecs 92"]
[BlackTeam "Asnieres"]
[WhiteTeamCountry "FRA"]
[BlackTeamCountry "FRA"]

1. d4 Nf6 2. Nf3 d5 3. Bg5 Ne4 4. Bh4 h5 5. Nfd2 Nd6 6. c3 Nf5 7. Bg3 Nxg3 8. hxg3 g6 9. e4 Bg7 10. exd5 Qxd5 11. Nc4 c5 12. Ne3 Qd6 13. d5 0-0 14. Nd2 Bh6 15. f4 Nd7 16. Ne4 Qb6 17. Nc4 Qd8 18. Be2 Nb6 19. Ne3 e5 20. dxe6 Bxe6 21. Bxh5 Bg7 22. Bf3 Nc4 23. Nxc4 Bxc4 24. Qxd8 Raxd8 25. Rd1 b6 26. a3 f5 1/2-1/2

[Event "FRA-chT sf rapid"]
[Site "Cappelle la Grande"]
[Date "2025.04.22"]
[Round "16.2"]
[White "Cornette, Matthieu"]
[Black "Lagarde, Maxime"]
[Result "1/2-1/2"]
[WhiteElo "2535"]
[BlackElo "2587"]
[PlyCount "96"]
[EventDate "2025.04.22"]
[EventType "team-match (rapid)"]
[EventRounds "2"]
[EventCountry "FRA"]
[SourceTitle "CB17_2025"]
[SourceDate "2025.04.23"]
[SourceVersion "1"]
[SourceVersionDate "2025.04.23"]
[SourceQuality "1"]

1. e4 c5 2. Nf3 d6 3. d4 cxd4 4. Nxd4 Nf6 5. Nc3 Nc6 6. Bc4 e6 7. Be3 a6 8. Bb3 Bd7 9. Qe2 b5 10. a3 Na5 11. 0-0 Be7 12. f4 Qb8 13. Rad1 0-0 14. Bf2 e5 15. Nf5 Bxf5 16. exf5 Nxb3 17. cxb3 b4 18. axb4 Qxb4 19. Bh4 Qxb3 20. Bxf6 Bxf6 21. Nd5 exf4 22. Nxf6+ gxf6 23. Rxf4 Rae8 24. Qd2 Qe3+ 25. Qxe3 Rxe3 26. Rg4+ Kh8 27. Rxd6 Rg8 28. Rxg8+ Kxg8 29. Rxf6 Rb3 30. h4 Kg7 31. Rxa6 Rxb2 32. h5 f6 33. Kh2 Rf2 34. Ra5 Kh6 35. Kg3 Rb2 36. Ra7 Kxh5 37. Rg7 Kh6 38. Rg8 Rb5 39. Kf4 Rb4+ 40. Kf3 Rb3+ 41. Ke4 Rb5 42. g4 Re5+ 43. Kf4 Ra5 44. Ke3 Ra4 45. Kf3 Rb4 46. Kg3 Ra4 47. Kf3 Rb4 48. Ke3 Ra4 1/2-1/2

[Event "FRA-chT rapid"]
[Site "Cappelle la Grande"]
[Date "2025.04.19"]
[Round "3.6"]
[White "Cornette, Matthieu"]
[Black "Lesueur, Gabriel"]
[Result "0-1"]
[WhiteElo "2535"]
[BlackElo "2121"]
[PlyCount "58"]
[EventDate "2025.04.19"]
[EventType "team-swiss (rapid)"]
[EventRounds "15"]
[EventCountry "FRA"]
[SourceTitle "CB17_2025"]
[SourceDate "2025.04.23"]
[SourceVersion "1"]
[SourceVersionDate "2025.04.23"]
[SourceQuality "1"]

1. e4 e6 2. d4 d5 3. e5 c5 4. c3 Nc6 5. Nf3 Nge7 6. Na3 Bd7 7. Nc2 Qa5 8. dxc5 Ng6 9. b4 Qc7 10. Be2 Ngxe5 11. Nfd4 a6 12. 0-0 Be7 13. f4 Nc4 14. Bxc4 dxc4 15. f5 Nxd4 16. cxd4 Bc6 17. fxe6 fxe6 18. Ne3 0-0-0 19. Nxc4 Rhf8 20. Rxf8 Rxf8 21. Qg4 Kb8 22. Qxe6 Bf6 23. Qg4 Qf7 24. Bf4+ Ka7 25. Bd6 Qxc4 26. Bxf8 Qxd4+ 27. Qxd4 Bxd4+ 28. Kf1 Bxa1 29. Ke2 Bxg2 0-1

[Event "FRA-chT rapid"]
[Site "Cappelle la Grande"]
[Date "2025.04.19"]
[Round "2.6"]
[White "Franck, Boris"]
[Black "Cornette, Matthieu"]
[Result "0-1"]
[WhiteElo "2050"]
[BlackElo "2535"]
[PlyCount "90"]
[EventDate "2025.04.19"]
[EventType "team-swiss (rapid)"]
[EventRounds "15"]
[EventCountry "FRA"]
[SourceTitle "CB17_2025"]
[SourceDate "2025.04.23"]
[SourceVersion "1"]
[SourceVersionDate "2025.04.23"]
[SourceQuality "1"]

1. e4 c5 2. c3 d5 3. exd5 Qxd5 4. d4 Nc6 5. Nf3 Bf5 6. dxc5 Qxd1+ 7. Kxd1 0-0-0+ 8. Ke1 Nf6 9. Bb5 Ne4 10. Be3 f6 11. Nd4 Nxd4 12. cxd4 e5 13. dxe5 a6 14. Be2 Bxc5 15. exf6 Bxe3 16. fxe3 Nxf6 17. Rf1 Be4 18. Nc3 Bxg2 19. Rg1 Bc6 20. Rxg7 Rhe8 21. Rf7 Rd6 22. Kf2 h5 23. Rd1 Rde6 24. Rd3 Rg8 25. Bf3 Bxf3 26. Kxf3 Ng4 27. Rf5 Ne5+ 28. Rxe5 Rxe5 29. e4 Rf8+ 30. Ke3 Rg5 31. Rd2 h4 32. Nd5 h3 33. Nf4 Rh8 34. b4 Rg1 35. a3 Rf1 36. Rc2+ Kb8 37. Ne2 Rhf8 38. Ng3 R1f3+ 39. Kd4 Rxa3 40. e5 Rb3 41. e6 Rxb4+ 42. Kc5 Rc8+ 43. Kxb4 Rxc2 44. Nf5 Kc7 45. e7 Kd7 0-1

[Event "Reykjavik op"]
[Site "Reykjavik"]
[Date "2025.04.13"]
[Round "7"]
[White "Akesson, Ralf"]
[Black "Cornette, Matthieu"]
[Result "0-1"]
[WhiteElo "2361"]
[BlackElo "2528"]
[PlyCount "74"]
[EventDate "2025.04.09"]
[EventType "swiss"]
[EventRounds "9"]
[EventCountry "ISL"]
[SourceTitle "CB17_2025"]
[SourceDate "2025.04.23"]
[SourceVersion "1"]
[SourceVersionDate "2025.04.23"]
[SourceQuality "1"]

1. d4 Nf6 2. c4 e6 3. Nf3 a6 4. Nc3 d5 5. cxd5 exd5 6. Bg5 Be6 7. e3 Nbd7 8. Ne5 Nxe5 9. dxe5 h6 10. Bh4 g5 11. Bg3 Ne4 12. Nxe4 dxe4 13. Qa4+ c6 14. Be2 Qb6 15. 0-0-0 Qb4 16. Qxb4 Bxb4 17. h4 Ke7 18. Rd4 Bc5 19. Rxe4 b5 20. Bd3 Rad8 21. Bc2 Bd5 22. Kb1 Bb6 23. Rc1 c5 24. Rg4 Be6 25. Re4 Rd2 26. Rh1 Rhd8 27. hxg5 hxg5 28. Kc1 Ba5 29. a3 Rxc2+ 30. Kxc2 Bf5 31. f3 Bxe4+ 32. fxe4 Rd2+ 33. Kb1 Rxg2 34. Rh3 Rg1+ 35. Ka2 g4 36. Bh4+ Ke6 37. Rh2 g3 0-1

[Event "Reykjavik op"]
[Site "Reykjavik"]
[Date "2025.04.10"]
[Round "2"]
[White "Cornette, Matthieu"]
[Black "Wadelek, Karol"]
[Result "1-0"]
[WhiteElo "2528"]
[BlackElo "1979"]
[PlyCount "59"]
[EventDate "2025.04.09"]
[EventType "swiss"]
[EventRounds "9"]
[EventCountry "ISL"]
[SourceTitle "CB17_2025"]
[SourceDate "2025.04.23"]
[SourceVersion "1"]
[SourceVersionDate "2025.04.23"]
[SourceQuality "1"]

1. e4 c5 2. Nc3 a6 3. g3 b5 4. Bg2 Bb7 5. Nge2 e6 6. 0-0 Qc7 7. d4 cxd4 8. Nxd4 Nf6 9. Re1 d6 10. a4 b4 11. Nce2 e5 12. Nf5 Nc6 13. Bg5 Nd7 14. Ne3 Qb8 15. Nd5 a5 16. c3 bxc3 17. bxc3 h6 18. Be3 Ne7 19. c4 Nxd5 20. cxd5 Ba6 21. Nc3 Be7 22. Bh3 Qd8 23. Nb5 Nf6 24. Qc2 Bxb5 25. axb5 0-0 26. b6 Qb8 27. Qc6 a4 28. Rxa4 Rxa4 29. Qxa4 Bd8 30. Qa7 1-0

[Event "Reykjavik op"]
[Site "Reykjavik"]
[Date "2025.04.10"]
[Round "3"]
[White "Dushyant, Sharma"]
[Black "Cornette, Matthieu"]
[Result "1-0"]
[WhiteElo "2313"]
[BlackElo "2528"]
[PlyCount "41"]
[EventDate "2025.04.09"]
[EventType "swiss"]
[EventRounds "9"]
[EventCountry "ISL"]
[SourceTitle "CB17_2025"]
[SourceDate "2025.04.23"]
[SourceVersion "1"]
[SourceVersionDate "2025.04.23"]
[SourceQuality "1"]

1. e4 c5 2. Nf3 Nc6 3. d4 cxd4 4. Nxd4 e5 5. Nb5 d6 6. N1c3 a6 7. Na3 Be6 8. Be3 Nf6 9. Nc4 b5 10. Nb6 Rb8 11. a4 Ng4 12. axb5 Nxe3 13. fxe3 Qxb6 14. bxc6 Qxe3+ 15. Qe2 Qc5 16. Qxa6 Be7 17. Qa7 0-0 18. Qxc5 dxc5 19. Nd5 Bxd5 20. exd5 Rxb2 21. d6 1-0

[Event "Basel Christmas op"]
[Site "Basel"]
[Date "2024.12.28"]
[Round "5"]
[White "Vetokhin, Savva"]
[Black "Cornette, Matthieu"]
[Result "1/2-1/2"]
[WhiteElo "2502"]
[BlackElo "2533"]
[PlyCount "50"]
[EventDate "2024.12.26"]
[EventType "swiss"]
[EventRounds "7"]
[EventCountry "SUI"]
[SourceTitle "CB01_2025"]
[SourceDate "2025.01.01"]
[SourceVersion "1"]
[SourceVersionDate "2025.01.01"]
[SourceQuality "1"]

1. d4 Nf6 2. c4 e6 3. Nc3 Bb4 4. e3 0-0 5. Bd3 d5 6. a3 dxc4 7. Bxc4 Bd6 8. Nf3 Nc6 9. e4 e5 10. d5 Ne7 11. 0-0 h6 12. Re1 a6 13. h3 Bd7 14. b4 b5 15. Bb3 Kh7 16. Bb2 Ng6 17. Bc2 a5 18. bxa5 Rxa5 19. a4 b4 20. Ne2 c6 21. Nd2 cxd5 22. exd5 Rxd5 23. Bb3 Rc5 24. Nc4 Be7 25. Ng3 Be6 1/2-1/2

[Event "Basel Christmas op"]
[Site "Basel"]
[Date "2024.12.27"]
[Round "3"]
[White "Citak, Selim"]
[Black "Cornette, Matthieu"]
[Result "1/2-1/2"]
[WhiteElo "2367"]
[BlackElo "2533"]
[PlyCount "70"]
[EventDate "2024.12.26"]
[EventType "swiss"]
[EventRounds "7"]
[EventCountry "SUI"]
[SourceTitle "CB01_2025"]
[SourceDate "2025.01.01"]
[SourceVersion "1"]
[SourceVersionDate "2025.01.01"]
[SourceQuality "1"]

1. d4 Nf6 2. c4 e6 3. Nf3 d5 4. Nc3 Nbd7 5. Bg5 Bb4 6. e3 c5 7. cxd5 exd5 8. Bd3 Qa5 9. Qc2 c4 10. Bf5 0-0 11. 0-0 Re8 12. Nd2 Qa6 13. a4 Qc6 14. Rfe1 b6 15. e4 Bxc3 16. bxc3 g6 17. Bxd7 Nxd7 18. e5 Nf8 19. Nf3 Bf5 20. Qd2 Nd7 21. Qf4 Be4 22. Nd2 Bd3 23. Re3 Re6 24. Rf3 f6 25. exf6 Nxf6 26. h3 Rf8 27. Bh6 Rfe8 28. Bg5 Be2 29. Re3 Rxe3 30. fxe3 Nh5 31. Qf2 Bd3 32. Nf3 Rf8 33. Bh6 Ng7 34. Bxg7 Kxg7 35. Qg3 Be4 1/2-1/2

[Event "FRA-ch 97th"]
[Site "L'Alpe d'Huez"]
[Date "2024.08.17"]
[Round "1.6"]
[White "Fressinet, Laurent"]
[Black "Cornette, Matthieu"]
[Result "1/2-1/2"]
[WhiteElo "2625"]
[BlackElo "2530"]
[PlyCount "61"]
[EventDate "2024.08.16"]
[EventType "k.o."]
[EventRounds "4"]
[EventCountry "FRA"]
[SourceTitle "CBM 221 Extra"]
[Source "ChessBase"]
[SourceDate "2024.09.30"]
[SourceVersion "1"]
[SourceVersionDate "2024.09.30"]
[SourceQuality "1"]

1. e4 e5 2. Nf3 Nc6 3. Bc4 Nf6 4. d3 Bc5 5. Nc3 a6 6. a3 d6 7. Ne2 Be6 8. Bxe6 fxe6 9. Ng3 0-0 10. 0-0 a5 11. c3 Bb6 12. h3 Qd7 13. d4 exd4 14. cxd4 d5 15. e5 Ne4 16. Be3 Nxg3 17. fxg3 a4 18. Qd3 h6 19. g4 Qe8 20. g5 Qh5 21. gxh6 gxh6 22. Kh2 Kg7 23. g4 Qg6 24. Qd2 Kh7 25. Nh4 Qe4 26. Bxh6 Bxd4 27. Bxf8 Bxe5+ 28. Kg1 Bd4+ 29. Kh2 Be5+ 30. Kg1 Bd4+ 31. Kh2 1/2-1/2

[Event "FRA-chT Top 16 Haute"]
[Site "Chartres"]
[Date "2024.06.08"]
[Round "3.6"]
[White "Defromont, Benjamin"]
[Black "Cornette, Matthieu"]
[Result "0-1"]
[WhiteElo "2380"]
[BlackElo "2559"]
[PlyCount "92"]
[EventDate "2024.06.06"]
[EventType "team-tourn"]
[EventRounds "4"]
[EventCountry "FRA"]
[SourceTitle "CBM 220 Extra"]
[Source "ChessBase"]
[SourceDate "2024.07.31"]
[SourceVersion "1"]
[SourceVersionDate "2024.07.31"]
[SourceQuality "1"]
[WhiteTeam "Cannes"]
[BlackTeam "Asnieres"]
[WhiteTeamCountry "FRA"]
[BlackTeamCountry "FRA"]

1. e4 c5 2. Nf3 Nc6 3. Bb5 g6 4. 0-0 Bg7 5. Re1 e5 6. b4 cxb4 7. a3 b3 8. cxb3 Nge7 9. Nc3 0-0 10. Bc4 d6 11. h3 Be6 12. d3 d5 13. exd5 Nxd5 14. Ne4 Nc7 15. Bb2 Bd5 16. b4 Nd4 17. Bxd4 exd4 18. Rc1 b6 19. Qd2 Bb7 20. Qf4 Nd5 21. Bxd5 Bxd5 22. Rc7 a5 23. b5 Rc8 24. Rxc8 Qxc8 25. Rc1 Qd8 26. Rc7 f5 27. Ned2 Bh6 28. Qxd4 Qxc7 29. Qxd5+ Kh8 30. Nc4 Rd8 31. Qc6 Qxc6 32. bxc6 Bf4 33. Nfe5 Bxe5 34. Nxe5 Kg7 35. f4 b5 36. Kf2 Kf6 37. Nd7+ Rxd7 38. cxd7 Ke7 39. Ke3 Kxd7 40. Kd4 Kd6 41. g4 h5 42. gxf5 gxf5 43. h4 Kc6 44. Ke5 b4 45. axb4 axb4 46. Kd4 Kb5 0-1

[Event "FRA-chT Top 16 Haute"]
[Site "Chartres"]
[Date "2024.06.07"]
[Round "2.5"]
[White "Mekhane, Adam"]
[Black "Cornette, Matthieu"]
[Result "1/2-1/2"]
[WhiteElo "2317"]
[BlackElo "2559"]
[PlyCount "68"]
[EventDate "2024.06.06"]
[EventType "team-tourn"]
[EventRounds "4"]
[EventCountry "FRA"]
[SourceTitle "CBM 220 Extra"]
[Source "ChessBase"]
[SourceDate "2024.07.31"]
[SourceVersion "1"]
[SourceVersionDate "2024.07.31"]
[SourceQuality "1"]
[WhiteTeam "Tremblay en France"]
[BlackTeam "Asnieres"]
[WhiteTeamCountry "FRA"]
[BlackTeamCountry "FRA"]

1. e4 e5 2. Nf3 Nc6 3. Nc3 Nf6 4. Bb5 Bd6 5. 0-0 0-0 6. d3 Re8 7. Bg5 h6 8. Bh4 a6 9. Ba4 b5 10. Bb3 Be7 11. a4 b4 12. Bxf6 Bxf6 13. Nd5 Na5 14. Ba2 Rb8 15. Qd2 c5 16. Ne1 d6 17. f4 exf4 18. Qxf4 Bd4+ 19. Kh1 Be6 20. c3 Be5 21. Qf2 b3 22. Bb1 Bxd5 23. exd5 Bf6 24. Nf3 Qe7 25. Nd2 Qe2 26. Ne4 Qxf2 27. Rxf2 Be7 28. g3 Bf8 29. Kg2 Re5 30. Nd2 g6 31. Nc4 Nxc4 32. dxc4 Re3 33. Rf3 Re2+ 34. Rf2 Re3 1/2-1/2

[Event "FRA-chT Top 16 GpA"]
[Site "Chartres"]
[Date "2024.06.04"]
[Round "6.12"]
[White "Warnier, Yanis"]
[Black "Cornette, Matthieu"]
[Result "0-1"]
[WhiteElo "2170"]
[BlackElo "2568"]
[PlyCount "50"]
[EventDate "2024.05.30"]
[EventType "team-tourn"]
[EventRounds "7"]
[EventCountry "FRA"]
[SourceTitle "CBM 220 Extra"]
[Source "ChessBase"]
[SourceDate "2024.07.31"]
[SourceVersion "1"]
[SourceVersionDate "2024.07.31"]
[SourceQuality "1"]
[WhiteTeam "Cergy Pontoise"]
[BlackTeam "Asnieres"]
[WhiteTeamCountry "FRA"]
[BlackTeamCountry "FRA"]

1. e4 e5 2. Nf3 Nc6 3. Bb5 a6 4. Ba4 d6 5. 0-0 Bd7 6. d3 g6 7. c4 Bg7 8. Nc3 Nge7 9. Rb1 0-0 10. b4 Bg4 11. Bxc6 bxc6 12. h3 Be6 13. Qe2 h6 14. Rd1 Qc8 15. d4 exd4 16. Nxd4 Re8 17. Nxe6 Qxe6 18. Qd3 g5 19. f3 Ng6 20. c5 dxc5 21. bxc5 Rad8 22. Qxd8 Rxd8 23. Rxd8+ Kh7 24. Nd1 Qxa2 25. Rb7 Qe2 0-1

[Event "FRA-chT Top 16 GpA"]
[Site "Chartres"]
[Date "2024.06.02"]
[Round "4.6"]
[White "Cornette, Matthieu"]
[Black "Wirig, Anthony"]
[Result "1/2-1/2"]
[WhiteElo "2568"]
[BlackElo "2453"]
[PlyCount "64"]
[EventDate "2024.05.30"]
[EventType "team-tourn"]
[EventRounds "7"]
[EventCountry "FRA"]
[SourceTitle "CBM 220 Extra"]
[Source "ChessBase"]
[SourceDate "2024.07.31"]
[SourceVersion "1"]
[SourceVersionDate "2024.07.31"]
[SourceQuality "1"]
[WhiteTeam "Asnieres"]
[BlackTeam "Grasse Echecs"]
[WhiteTeamCountry "FRA"]
[BlackTeamCountry "FRA"]

1. e4 c5 2. Nf3 e6 3. d4 cxd4 4. Nxd4 Nf6 5. Nc3 Nc6 6. Be2 Bb4 7. 0-0 Bxc3 8. bxc3 Nxe4 9. Nxc6 dxc6 10. Bd3 Nc5 11. Qg4 0-0 12. Ba3 e5 13. Qg3 b6 14. Bxc5 bxc5 15. Qxe5 Be6 16. Qxc5 Qb6 17. Qe5 Rab8 18. h4 Rfd8 19. Rfe1 Rd5 20. Qf4 Rc5 21. Re3 Rd8 22. Rae1 g6 23. Rg3 Qb8 24. Qf6 Rd6 25. Qe7 Qd8 26. Qxa7 Ra5 27. Qb7 Qxh4 28. Re4 Qd8 29. a4 c5 30. Re1 c4 31. Bf1 Rxa4 32. Rge3 Ra8 1/2-1/2

[Event "Reykjavik op"]
[Site "Reykjavik"]
[Date "2024.03.19"]
[Round "7"]
[White "Cornette, Matthieu"]
[Black "Dimitrijeski, Boris"]
[Result "1-0"]
[WhiteElo "2575"]
[BlackElo "2183"]
[PlyCount "99"]
[EventDate "2024.03.15"]
[EventType "swiss"]
[EventRounds "9"]
[EventCountry "ISL"]
[SourceTitle "CBM 219 Extra"]
[Source "ChessBase"]
[SourceDate "2024.05.31"]
[SourceVersion "1"]
[SourceVersionDate "2024.05.31"]
[SourceQuality "1"]

1. d4 d5 2. c4 c6 3. Nf3 Nf6 4. g3 Bf5 5. Nc3 e6 6. Nh4 dxc4 7. Nxf5 exf5 8. Bg2 Nbd7 9. d5 Nxd5 10. Nxd5 cxd5 11. Qxd5 Bb4+ 12. Kf1 0-0 13. Bf4 Nb6 14. Qxf5 g6 15. Qc2 Qe7 16. Bf3 Rfd8 17. Kg2 Bd6 18. Bxd6 Rxd6 19. a4 a5 20. Rhd1 Rad8 21. Rxd6 Qxd6 22. Qc3 Qd2 23. Bxb7 Qxc3 24. bxc3 Rd2 25. Bc6 Rb2 26. Rd1 Ra2 27. Bb5 Ra3 28. Rd6 Nxa4 29. Bxc4 Rxc3 30. Bd5 Nc5 31. Rf6 Ne6 32. Bxe6 fxe6 33. Rxe6 a4 34. Ra6 a3 35. Ra7 Rc2 36. e3 a2 37. h4 Kf8 38. g4 Ke8 39. Kg3 Kd8 40. f4 Kc8 41. f5 gxf5 42. gxf5 Kb8 43. Ra3 Kc7 44. Kf4 Kd6 45. Ra5 Re2 46. e4 Rf2+ 47. Kg5 Re2 48. e5+ Rxe5 49. Rxa2 Re4 50. h5 1-0

[Event "Reykjavik op"]
[Site "Reykjavik"]
[Date "2024.03.15"]
[Round "1"]
[White "George Samir, David"]
[Black "Cornette, Matthieu"]
[Result "1/2-1/2"]
[WhiteElo "2130"]
[BlackElo "2575"]
[PlyCount "73"]
[EventDate "2024.03.15"]
[EventType "swiss"]
[EventRounds "9"]
[EventCountry "ISL"]
[SourceTitle "CBM 219 Extra"]
[Source "ChessBase"]
[SourceDate "2024.05.31"]
[SourceVersion "1"]
[SourceVersionDate "2024.05.31"]
[SourceQuality "1"]

1. e4 c5 2. Nf3 Nc6 3. Bb5 g6 4. Bxc6 bxc6 5. 0-0 Bg7 6. c3 Nf6 7. Re1 0-0 8. d4 cxd4 9. cxd4 d6 10. Nc3 Bg4 11. h3 Bxf3 12. Qxf3 Nd7 13. d5 c5 14. Bd2 c4 15. b3 Rc8 16. bxc4 Ne5 17. Qg3 Nxc4 18. Bf4 Qa5 19. Rac1 Rc7 20. Re2 Na3 21. Nd1 Rxc1 22. Bxc1 Nb5 23. Qd3 Rc8 24. Be3 a6 25. Rc2 Qe1+ 26. Kh2 Rxc2 27. Qxc2 Be5+ 28. f4 Bd4 29. Qd2 Qxd2 30. Bxd2 f5 31. exf5 gxf5 32. Be3 Bf6 33. Bb6 Kf7 34. a4 Na3 35. Ne3 e6 36. dxe6+ Kxe6 37. g4 1/2-1/2

[Event "Titled Tuesday intern op 20th Feb Early"]
[Site "Chess.com INT"]
[Date "2024.02.20"]
[Round "5"]
[White "Vokhidov, Shamsiddin"]
[Black "Cornette, Matthieu"]
[Result "1-0"]
[WhiteElo "2596"]
[BlackElo "2579"]
[PlyCount "53"]
[EventDate "2024.02.20"]
[EventType "swiss (blitz)"]
[EventRounds "11"]
[EventCountry "USA"]
[SourceTitle "EXT 2025"]
[Source "ChessBase"]
[SourceDate "2024.10.14"]
[SourceVersion "1"]
[SourceVersionDate "2024.10.14"]
[SourceQuality "1"]

1. e4 c5 2. Nf3 Nc6 3. Bb5 e6 4. Bxc6 bxc6 5. d3 Ne7 6. Ng5 f6 7. Nh3 d5 8. 0-0 Ng6 9. f4 Bd6 10. c4 0-0 11. Qe2 f5 12. e5 Be7 13. Nc3 Nh8 14. Na4 Nf7 15. b3 h6 16. Ba3 g5 17. Bxc5 dxc4 18. dxc4 Bxc5+ 19. Nxc5 Qd4+ 20. Qf2 Qxf2+ 21. Kxf2 gxf4 22. Rfe1 Ng5 23. Nxf4 Ne4+ 24. Nxe4 fxe4 25. Rxe4 c5 26. g3 Bb7 27. Ree1 1-0

[Event "Titled Tuesday intern op 20th Feb Early"]
[Site "Chess.com INT"]
[Date "2024.02.20"]
[Round "3"]
[White "Yeletsky, Ivan"]
[Black "Cornette, Matthieu"]
[Result "0-1"]
[WhiteElo "2504"]
[BlackElo "2579"]
[PlyCount "50"]
[EventDate "2024.02.20"]
[EventType "swiss (blitz)"]
[EventRounds "11"]
[EventCountry "USA"]
[SourceTitle "EXT 2025"]
[Source "ChessBase"]
[SourceDate "2024.10.14"]
[SourceVersion "1"]
[SourceVersionDate "2024.10.14"]
[SourceQuality "1"]

1. d4 Nf6 2. c4 b6 3. f3 Nc6 4. Nc3 d5 5. cxd5 Nxd5 6. Qa4 Bb7 7. e4 Nxc3 8. bxc3 Qd7 9. d5 Na5 10. Qd4 0-0-0 11. Rb1 e6 12. Bb5 Qd6 13. c4 c6 14. Ba4 cxd5 15. cxd5 exd5 16. Ne2 dxe4 17. Qc3+ Qc5 18. Bf4 exf3 19. gxf3 Qxc3+ 20. Nxc3 Bxf3 21. Rf1 Bc6 22. Bg3 f6 23. Bxc6 Nxc6 24. Kf2 Bc5+ 25. Kf3 Rd3+ 0-1

[Event "Bundesliga 2324"]
[Site "Germany"]
[Date "2024.02.03"]
[Round "7.2"]
[White "Cornette, Matthieu"]
[Black "Hoeffer, David"]
[Result "1-0"]
[WhiteElo "2581"]
[BlackElo "2323"]
[PlyCount "57"]
[EventDate "2023.10.21"]
[EventType "team-tourn"]
[EventRounds "15"]
[EventCountry "GER"]
[SourceTitle "CBM 218 Extra"]
[Source "ChessBase"]
[SourceDate "2024.03.31"]
[SourceVersion "1"]
[SourceVersionDate "2024.03.31"]
[SourceQuality "1"]
[WhiteTeam "Oetigheim"]
[BlackTeam "Lister Turm"]
[WhiteTeamCountry "GER"]
[BlackTeamCountry "GER"]

1. e4 e5 2. Nf3 Nc6 3. Bb5 a6 4. Ba4 Nf6 5. 0-0 Bc5 6. c3 0-0 7. d4 Ba7 8. Re1 d6 9. h3 Re8 10. Be3 Bd7 11. Nbd2 exd4 12. cxd4 Nxe4 13. d5 Nxd2 14. dxc6 Nxf3+ 15. Qxf3 Bxc6 16. Bxc6 bxc6 17. Bxa7 Rxa7 18. Qxc6 Kf8 19. Rac1 Re7 20. Kf1 g6 21. Rxe7 Qxe7 22. Re1 Qd8 23. Re3 Qb8 24. Qc3 Kg8 25. Qf6 c5 26. h4 Rd7 27. h5 Qd8 28. h6 Qxf6 29. Re8# 1-0

[Event "Bundesliga 2324"]
[Site "Germany"]
[Date "2023.12.03"]
[Round "4.3"]
[White "Cornette, Matthieu"]
[Black "Cyborowski, Lukasz"]
[Result "1/2-1/2"]
[WhiteElo "2581"]
[BlackElo "2479"]
[PlyCount "189"]
[EventDate "2023.10.21"]
[EventType "team-tourn"]
[EventRounds "15"]
[EventCountry "GER"]
[SourceTitle "CBM 217 Extra"]
[Source "ChessBase"]
[SourceDate "2024.01.31"]
[SourceVersion "1"]
[SourceVersionDate "2024.01.31"]
[SourceQuality "1"]
[WhiteTeam "Oetigheim"]
[BlackTeam "Remagen Sinzig"]
[WhiteTeamCountry "GER"]
[BlackTeamCountry "GER"]

1. e4 c5 2. Nf3 e6 3. d4 cxd4 4. Nxd4 a6 5. c4 Nf6 6. Nc3 Bb4 7. Qd3 d5 8. exd5 exd5 9. Be2 0-0 10. 0-0 Nc6 11. Nxc6 bxc6 12. cxd5 Nxd5 13. Nxd5 Qxd5 14. Qg3 Bd6 15. Bf4 Bxf4 16. Qxf4 Be6 17. Rfc1 Qd7 18. h4 Bd5 19. Rc3 Rfe8 20. Bf3 Rab8 21. b3 a5 22. Rd1 Rb4 23. Rc4 Rb5 24. Rd3 Qe6 25. Re3 Qc8 26. Bxd5 Rxd5 27. Rxe8+ Qxe8 28. Rxc6 h6 29. Rc4 Qd7 30. Kh2 Rd2 31. a4 Rb2 32. Rc3 Qd5 33. Qf3 Qe5+ 34. Qg3 Qf5 35. Rf3 Qe4 36. Re3 Qd4 37. h5 Rc2 38. f4 Rc5 39. Re8+ Kh7 40. Qf3 Rc3 41. Qg4 Rc5 42. Re7 Qf6 43. Re3 Qd4 44. Re7 Qf6 45. Re4 Rc3 46. b4 axb4 47. Rxb4 Ra3 48. g3 Qd8 49. Qf5+ Kg8 50. Qc2 Re3 51. Rc4 Re8 52. Re4 Rf8 53. Re5 Qd4 54. a5 Rb8 55. Kh3 Qd7+ 56. Qf5 Qd1 57. Qe4 Qd7+ 58. f5 Kh7 59. Rd5 Qc8 60. Qd3 Ra8 61. Rd7 f6 62. Qd5 Qe8 63. Kh4 Rxa5 64. Rxg7+ Kxg7 65. Qxa5 Qe4+ 66. g4 Qh1+ 67. Kg3 Qg1+ 68. Kf3 Qf1+ 69. Ke3 Qg1+ 70. Kd3 Qd1+ 71. Ke3 Qg1+ 72. Kd2 Qf2+ 73. Kd1 Qg1+ 74. Kc2 Qg2+ 75. Qd2 Qe4+ 76. Kb3 Qf3+ 77. Qc3 Qd1+ 78. Ka3 Qxg4 79. Qc7+ Kf8 80. Qd8+ Kf7 81. Qd7+ Kg8 82. Qe8+ Kg7 83. Qe7+ Kg8 84. Qe8+ Kg7 85. Qg6+ Qxg6 86. fxg6 f5 87. Kb3 f4 88. Kc3 Kf6 89. Kd3 Kg7 90. Ke4 Kf6 91. Kxf4 Kg7 92. Kf5 Kg8 93. Kf6 Kh8 94. g7+ Kh7 95. Kf7 1/2-1/2